000 00443 a2200145 4500
999 _c6729
_d6729
020 _a0443057176
050 _aQM23.3WIL 1995
100 _aWilliams Peter L
_eauthor
245 _aGrays Anatomy :
_bthe anatomical basis of medicine and surgery/
_cPeter L. Williams
264 _aLondon:
_bChurchill Livingstone,
_c1995
300 _axx, 2092p.
_bill.(col.)
500 _aIncludes index
650 _aAnatomy
942 _2lcc
_cBK
_e38th
_h23.3
_iWIL
_kQM